ბათუმის შოთა რუსთაველის სახელმწიფო უნივერსიტეტის ბიბლიოთეკა

ჩანაწერი Personal Name

ჩანაწერთა რაოდენობა, რომელიც გამოყენებულია: 1

001 - CONTROL NUMBER

  • control field: 27343

003 - CONTROL NUMBER IDENTIFIER

  • control field: GE_BSU

005 - DATE AND TIME OF LATEST TRANSACTION

  • control field: 20260421165028.0

008 - FIXED-LENGTH DATA ELEMENTS

  • fixed length control field: 260421|| aca||aabn | a|a d

040 ## - CATALOGING SOURCE

  • Original cataloging agency: GE_BSU
  • Transcribing agency: GE_BSU

100 ## - HEADING--PERSONAL NAME

  • Personal name: გუმბარიძე, ჟუჟუნა
  • Relator term: სამეცნიერო ხელმძღვანელი

670 ## - SOURCE DATA FOUND

  • Source citation: Work cat.: (GE_BSU)64150: ფოფხაძე, თამთა 27342, ანალიტიკური ტერმინების ქმნადობის კრიტიკული ანალიზი საერტაშორისო ტერმინოლოგიური სტანდარტების მიხედვით (მიგრაციის ევროპული ქსელის (EMN) ტერმინთა განმარტებითი ლექსიკონის მასალაზე)